Castles along The Wall - A Song Of Ice And Fire - Statistics

General Stats
  • This quiz has been taken 93 times
    80 since last reset
  • The average score is 8 of 19
Answer Stats
Castles along the wall (from west to east) % Correct
Castle Black
100%
Eastwatch by the Sea
94%
The Shadow Tower
83%
The Nightfort
71%
Westwatch by the Bridge
62%
Greyguard
50%
Queensgate
50%
Icemark
38%
Deep Lake
35%
Woodswatch by the Pool
31%
Long Barrow
29%
Greenguard
27%
Oakenshield
27%
Hoarfrost Hill
23%
The Torches
23%
Sable Hall
21%
Stonedoor
21%
Rimegate
17%
Sentinel Stand
17%
No matching quizzes found
Score Distribution
Percent of People with Each Score
Percentile by Number Answered
Your Score History
You have not taken this quiz since the last reset